| 000 | 00573nam a22001697a 4500 | ||
|---|---|---|---|
| 999 |
_c478609 _d478609 |
||
| 003 | NUST | ||
| 005 | 20180606045906.0 | ||
| 008 | 180606b ||||| |||| 00| 0 eng d | ||
| 020 | _a9788121908832 | ||
| 038 | _aSNS Library | ||
| 082 | _a363.73 DAR 2015 | ||
| 100 |
_aDr. S.S. Dara, Dr. D.D. Mishra _911041 |
||
| 245 |
_aA Textbook of Environmental Chemistry and Pollution Control _b(With Energy, Ecology, Ethics and society) _cDr. S.S. Dara, Dr. D.D. Mishra |
||
| 260 |
_aNew Delhi _bS. Chand and Company Limited _c2015 |
||
| 300 |
_axiii, 522 P. _bPb. |
||
| 942 |
_2ddc _cBK |
||